000 00583nam a2200193Ia 4500
005 20250508163255.0
008 008 250505s9999 xx 000 0 eng d
037 _aTheses
040 _aFEDL
_beng
_cFEDL
041 _aeng
_2eng
084 _a510.7, SAL/TH
_qFEDL
100 _aSaleh Awad Aram
_9775019
245 0 _aComparative study of mathematics education in People's Democratic Republic of Yemen and India
260 _c1986
300 _axiii,537p.
546 _aPH.D Thesis (Delhi University)
942 _cTH
_h510.7, SAL/TH
999 _c1381948
_d1381948